Cesar Chavez : (Record no. 18962)

MARC details
000 -LEADER
fixed length control field 02202pam a2200493 a 4500
001 - CONTROL NUMBER
control field sjds232325
003 - CONTROL NUMBER IDENTIFIER
control field sjds
005 - DATE AND TIME OF LATEST TRANSACTION
control field 20171017144649.0
008 - FIXED-LENGTH DATA ELEMENTS--GENERAL INFORMATION
fixed length control field 010919t20022002txua b 000 0beng
010 ## - LIBRARY OF CONGRESS CONTROL NUMBER
LC control number 2001051372
020 ## - INTERNATIONAL STANDARD BOOK NUMBER
International Standard Book Number 1558853243
020 ## - INTERNATIONAL STANDARD BOOK NUMBER
International Standard Book Number 9781558853249
035 ## - SYSTEM CONTROL NUMBER
System control number (OCoLC)48083852
040 ## - CATALOGING SOURCE
Original cataloging agency DLC
Transcribing agency DLC
Modifying agency DLC
-- UtOrBLW
041 0# - LANGUAGE CODE
Language code of text/sound track or separate title eng
-- spa
049 ## - LOCAL HOLDINGS (OCLC)
Holding library IFAB
099 ## - LOCAL FREE-TEXT CALL NUMBER (OCLC)
Classification number 92 CHAVEZ
999 ## - SYSTEM CONTROL NUMBERS (KOHA)
Koha Dewey Subclass [OBSOLETE] 92 CHAVEZ
100 1# - MAIN ENTRY--PERSONAL NAME
Personal name Griswold del Castillo, Richard.
245 10 - TITLE STATEMENT
Title Cesar Chavez :
Remainder of title la lucha por la justicia /
Statement of responsibility, etc. by Richard Griswold del Castillo ; Spanish translation by Jose Juan Colin ; illustrations by Anthony Accardo = Cesar Chavez : la lucha por la justicia / por Richard Griswold del Castillo ; traduccion al español por Jose Juan Colin ; illustraciones de Anthony Accardo.
246 31 - VARYING FORM OF TITLE
Title proper/short title Cesar Chavez :
Remainder of title the struggle for justice
260 ## - PUBLICATION, DISTRIBUTION, ETC. (IMPRINT)
Place of publication, distribution, etc. Houston, Tex :
Name of publisher, distributor, etc. Piñata Books,
Date of publication, distribution, etc. c2002
264 #1 - PRODUCTION, PUBLICATION, DISTRIBUTION, MANUFACTURE, AND COPYRIGHT NOTICE
Place of production, publication, distribution, manufacture Houston, Tex :
Name of producer, publisher, distributor, manufacturer Piñata Books,
Date of production, publication, distribution, manufacture, or copyright notice [2002]
264 #4 - PRODUCTION, PUBLICATION, DISTRIBUTION, MANUFACTURE, AND COPYRIGHT NOTICE
Date of production, publication, distribution, manufacture, or copyright notice c2002
300 ## - PHYSICAL DESCRIPTION
Extent 1 volume (unpaged) :
Other physical details color illustrations ;
Dimensions 29 cm.
336 ## - CONTENT TYPE
Content type term text
Content type code txt
Source rdacontent
337 ## - MEDIA TYPE
Media type term unmediated
Media type code n
Source rdamedia
338 ## - CARRIER TYPE
Carrier type term volume
Carrier type code nc
Source rdacarrier
490 1# - SERIES STATEMENT
Series statement Hispanic civil rights series
526 0# - STUDY PROGRAM INFORMATION NOTE
Program name Accelerated Reader
Interest level MG
Reading level 5.1
Title point value 0.5
Public note 61712SP
600 10 - SUBJECT ADDED ENTRY--PERSONAL NAME
Personal name Chavez, Cesar,
Dates associated with a name 1927-1993
Form subdivision Juvenile literature.
600 17 - SUBJECT ADDED ENTRY--PERSONAL NAME
Personal name Chávez, César,
Dates associated with a name 1927-
Form subdivision Literatura juvenil.
Source of heading or term bidex
610 20 - SUBJECT ADDED ENTRY--CORPORATE NAME
Corporate name or jurisdiction name as entry element United Farm Workers
General subdivision History
Form subdivision Juvenile literature.
610 27 - SUBJECT ADDED ENTRY--CORPORATE NAME
Corporate name or jurisdiction name as entry element Unión de Trabajadores Agrícolas
General subdivision Historia
Form subdivision Literatura juvenil.
Source of heading or term bidex
650 #0 - SUBJECT ADDED ENTRY--TOPICAL TERM
Topical term or geographic name as entry element Mexican American migrant agricultural laborers
Form subdivision Biography
-- Juvenile literature.
650 #0 - SUBJECT ADDED ENTRY--TOPICAL TERM
Topical term or geographic name as entry element Mexican Americans
Form subdivision Biography
-- Juvenile literature.
650 #0 - SUBJECT ADDED ENTRY--TOPICAL TERM
Topical term or geographic name as entry element Spanish language materials
General subdivision Bilingual
Form subdivision Juvenile literature.
650 #7 - SUBJECT ADDED ENTRY--TOPICAL TERM
Topical term or geographic name as entry element Trabajadores migratorios agrícolas
Form subdivision Sindicatos
Geographic subdivision Estados Unidos
General subdivision Historia
Form subdivision Literatura juvenil.
Source of heading or term bidex
650 #7 - SUBJECT ADDED ENTRY--TOPICAL TERM
Topical term or geographic name as entry element Mexicano-americanos
Form subdivision Biografía
-- Literatura juvenil.
Source of heading or term bidex
650 #7 - SUBJECT ADDED ENTRY--TOPICAL TERM
Topical term or geographic name as entry element Materiales bilingües en español
Form subdivision Literatura juvenil.
Source of heading or term bidex
700 1# - ADDED ENTRY--PERSONAL NAME
Personal name Accardo, Anthony,
Relator term illustrator.
830 #0 - SERIES ADDED ENTRY--UNIFORM TITLE
Uniform title Hispanic civil rights series.
942 ## - ADDED ENTRY ELEMENTS (KOHA)
Koha item type Libro/Book
Source of classification or shelving scheme Dewey Decimal Classification
Holdings
Withdrawn status Lost status Damaged status Not for loan Home library Current library Date acquired Inventory number Total Checkouts Barcode Date last seen Price effective from Koha item type
        Barbudos -- Satellite Barbudos -- Satellite 17/10/2017 Inventory date: 7/7/25   35801556 16/02/2022 17/10/2017 Libro/Book

Powered by Koha